[Event "POHÁR města Říčany 2021"]
[Site "Městské kulturní středisko U labutě"]
[Date "2021.08.28"]
[Round "9.1"]
[White "Novotny, Martin"]
[Black "Petr, Jakub"]
[Result "1-0"]
[WhiteElo "2097"]
[BlackElo "2236"]
[PlyCount "0"]
[EventDate "2021.08.21"]

1. d4 {[%clk 01:30:56]} {[%emt 00:00:03]} Nf6 {[%clk 01:30:46]} {[%emt
00:00:15]} 2. c4 {[%clk 01:31:20]} {[%emt 00:00:06]} g6 {[%clk 01:31:04]}
{[%emt 00:00:12]} 3. Nf3 {[%clk 01:30:19]} {[%emt 00:01:31]} Bg7 {[%clk
01:31:23]} {[%emt 00:00:10]} 4. Nc3 {[%clk 01:30:38]} {[%emt 00:00:11]} d5
{[%clk 01:31:46]} {[%emt 00:00:08]} 5. Bf4 {[%clk 01:29:10]} {[%emt 00:01:58]}
O-O {[%clk 01:31:11]} {[%emt 00:01:04]} 6. e3 {[%clk 01:29:25]} {[%emt
00:00:15]} c5 {[%clk 01:31:30]} {[%emt 00:00:11]} 7. dxc5 {[%clk 01:29:37]}
{[%emt 00:00:18]} Qa5 {[%clk 01:31:51]} {[%emt 00:00:09]} 8. Rc1 {[%clk
01:29:28]} {[%emt 00:00:38]} dxc4 {[%clk 01:32:00]} {[%emt 00:00:21]} 9. Bxc4
{[%clk 01:29:24]} {[%emt 00:00:34]} Qxc5 {[%clk 01:32:18]} {[%emt 00:00:12]} 10.
Bb3 {[%clk 01:29:23]} {[%emt 00:00:31]} Nc6 {[%clk 01:32:19]} {[%emt 00:00:29]}
11. O-O {[%clk 01:29:09]} {[%emt 00:00:44]} Qa5 {[%clk 01:32:21]} {[%emt
00:00:28]} 12. h3 {[%clk 01:29:09]} {[%emt 00:00:30]} Bf5 {[%clk 01:32:18]}
{[%emt 00:00:34]} 13. Qe2 {[%clk 01:28:50]} {[%emt 00:00:49]} Ne4 {[%clk
01:31:56]} {[%emt 00:00:52]} 14. Nd5 {[%clk 01:27:56]} {[%emt 00:01:23]} e5
{[%clk 01:28:34]} {[%emt 00:03:52]} 15. Bh2 {[%clk 01:24:09]} {[%emt 00:04:17]}
Be6 {[%clk 01:18:28]} {[%emt 00:10:37]} 16. Rfd1 {[%clk 00:49:31]} {[%emt
00:35:08]} Rfd8 {[%clk 01:08:48]} {[%emt 00:10:10]} 17. Qc4 {[%clk 00:32:20]}
{[%emt 00:17:41]} Nf6 {[%clk 01:03:36]} {[%emt 00:05:42]} 18. e4 {[%clk
00:30:37]} {[%emt 00:02:13]} Rac8 {[%clk 00:53:03]} {[%emt 00:11:02]} 19. Ng5
{[%clk 00:25:47]} {[%emt 00:05:20]} Nxd5 {[%clk 00:49:13]} {[%emt 00:04:21]} 20.
exd5 {[%clk 00:20:13]} {[%emt 00:06:03]} Nd4 {[%clk 00:48:59]} {[%emt
00:00:44]} 21. dxe6 {[%clk 00:19:32]} {[%emt 00:01:12]} Rxc4 {[%clk 00:48:37]}
{[%emt 00:00:51]} 22. exf7+ {[%clk 00:19:54]} {[%emt 00:00:08]} Kh8 {[%clk
00:48:41]} {[%emt 00:00:25]} 23. Bxc4 {[%clk 00:20:18]} {[%emt 00:00:06]} b5
{[%clk 00:46:43]} {[%emt 00:02:28]} 24. Bf1 {[%clk 00:18:03]} {[%emt 00:02:45]}
Qxa2 {[%clk 00:38:46]} {[%emt 00:08:28]} 25. Bxb5 {[%clk 00:13:42]} {[%emt
00:04:50]} h6 {[%clk 00:24:55]} {[%emt 00:14:21]} 26. Bc4 {[%clk 00:13:15]}
{[%emt 00:00:58]} Qa4 {[%clk 00:25:05]} {[%emt 00:00:20]} 27. b3 {[%clk
00:10:02]} {[%emt 00:03:43]} Qc6 {[%clk 00:24:44]} {[%emt 00:00:51]} 28. Rxd4
{[%clk 00:04:46]} {[%emt 00:05:46]} exd4 {[%clk 00:16:59]} {[%emt 00:08:14]} 29.
Ne6 {[%clk 00:05:08]} {[%emt 00:00:08]} Rc8 {[%clk 00:13:57]} {[%emt 00:03:34]}
30. Nxg7 {[%clk 00:05:24]} {[%emt 00:00:13]} Kxg7 {[%clk 00:14:13]} {[%emt
00:00:13]} 31. Be5+ {[%clk 00:05:48]} {[%emt 00:00:06]} Kf8 {[%clk 00:14:04]}
{[%emt 00:00:40]} 32. Bxd4 {[%clk 00:05:12]} {[%emt 00:01:06]} Qd7 {[%clk
00:06:31]} {[%emt 00:08:03]} 33. Rd1 {[%clk 00:03:51]} {[%emt 00:01:51]} Qf5
{[%clk 00:06:29]} {[%emt 00:00:33]} 34. Bxa7 {[%clk 00:01:29]} {[%emt
00:02:52]} Rxc4 {[%clk 00:05:55]} {[%emt 00:01:04]} 35. bxc4 {[%clk 00:01:33]}
{[%emt 00:00:26]} Kxf7 {[%clk 00:04:58]} {[%emt 00:01:28]} 36. Be3 {[%clk
00:01:44]} {[%emt 00:00:19]} Qe4 {[%clk 00:03:06]} {[%emt 00:02:22]} 37. c5
{[%clk 00:02:02]} {[%emt 00:00:12]} g5 {[%clk 00:03:16]} {[%emt 00:00:20]} 38.
Rc1 {[%clk 00:02:08]} {[%emt 00:00:24]} Qc6 {[%clk 00:03:23]} {[%emt 00:00:23]}
39. g3 {[%clk 00:01:41]} {[%emt 00:00:57]} Kg7 {[%clk 00:00:43]} {[%emt
00:03:11]} 40. Rb1 {[%clk 00:01:32]} {[%emt 00:00:39]} h5 {[%clk 00:00:47]}
{[%emt 00:00:26]} 41. Rb6 {[%clk 00:01:24]} {[%emt 00:00:38]} Qd5 {[%clk
00:01:09]} {[%emt 00:00:08]} 42. c6 {[%clk 00:01:07]} {[%emt 00:00:48]} h4
{[%clk 00:01:13]} {[%emt 00:00:26]} 43. c7 {[%clk 00:00:42]} {[%emt 00:00:54]}
Qc4 {[%clk 00:01:39]} {[%emt 00:00:04]} 44. Rb7 {[%clk 00:00:33]} {[%emt
00:00:39]} Kg6 {[%clk 00:01:59]} {[%emt 00:00:09]} 45. Rb6+ {[%clk 00:00:47]}
{[%emt 00:00:17]} Kg7 {[%clk 00:02:28]} 46. Rb7 {[%clk 00:00:38]} {[%emt
00:00:40]} Kg6 {[%clk 00:02:51]} {[%emt 00:00:07]} 47. g4 {[%clk 00:00:47]}
{[%emt 00:00:20]} Qc3 {[%clk 00:01:37]} {[%emt 00:01:44]} 48. Rb5 {[%clk
00:00:42]} {[%emt 00:00:35]} Qxc7 {[%clk 00:01:44]} {[%emt 00:00:23]} 49. Rxg5+
{[%clk 00:01:07]} {[%emt 00:00:05]} Kf7 {[%clk 00:01:17]} {[%emt 00:00:57]} 50.
Rh5 {[%clk 00:01:06]} {[%emt 00:00:30]} Qd8 {[%clk 00:00:54]} {[%emt 00:00:54]}
51. Rf5+ {[%clk 00:01:27]} {[%emt 00:00:10]} Kg6 {[%clk 00:01:04]} {[%emt
00:00:20]} 52. Bg5 {[%clk 00:01:26]} {[%emt 00:00:30]} Qh8 {[%clk 00:00:44]}
{[%emt 00:00:51]} 53. Bf6 {[%clk 00:01:00]} {[%emt 00:00:56]} Qh6 {[%clk
00:00:50]} {[%emt 00:00:24]} 54. Be5 {[%clk 00:00:45]} {[%emt 00:00:45]} Qc1+
{[%clk 00:01:10]} {[%emt 00:00:10]} 55. Kh2 {[%clk 00:01:00]} {[%emt 00:00:15]}
Qd2 {[%clk 00:01:02]} {[%emt 00:00:35]} 56. Rf6+ {[%clk 00:00:51]} {[%emt
00:00:41]} Kh7 {[%clk 00:01:25]} {[%emt 00:00:08]} 57. Rf7+ {[%clk 00:01:04]}
{[%emt 00:00:17]} Kg8 {[%clk 00:01:39]} {[%emt 00:00:16]} 58. Rf5 {[%clk
00:01:09]} {[%emt 00:00:25]} Kh7 {[%clk 00:01:41]} {[%emt 00:00:28]} 59. Bf6
{[%clk 00:00:52]} {[%emt 00:00:47]} Qd6+ {[%clk 00:01:17]} {[%emt 00:00:54]} 60.
Kg2 {[%clk 00:01:12]} {[%emt 00:00:10]} Qc6+ {[%clk 00:01:13]} {[%emt
00:00:34]} 61. Rf3 {[%clk 00:01:29]} {[%emt 00:00:13]} Kg6 {[%clk 00:00:58]}
{[%emt 00:00:45]} 62. Bxh4 {[%clk 00:01:43]} {[%emt 00:00:16]} Qe4 {[%clk
00:01:20]} {[%emt 00:00:07]} 63. Bg3 {[%clk 00:01:42]} {[%emt 00:00:32]} Kg5
{[%clk 00:01:19]} {[%emt 00:00:31]} 64. Bf4+ {[%clk 00:01:12]} {[%emt
00:01:00]} Kh4 {[%clk 00:01:37]} {[%emt 00:00:12]} 65. Bc7 {[%clk 00:00:47]}
{[%emt 00:00:55]} Qa8 {[%clk 00:00:51]} {[%emt 00:01:17]} 66. Be5 {[%clk
00:00:46]} {[%emt 00:00:31]} Kg5 {[%clk 00:01:03]} {[%emt 00:00:18]} 67. Bf6+
{[%clk 00:00:57]} {[%emt 00:00:19]} Kg6 {[%clk 00:01:28]} {[%emt 00:00:06]} 68.
Bd4 {[%clk 00:00:36]} {[%emt 00:00:51]} Qe4 {[%clk 00:01:26]} {[%emt 00:00:31]}
69. Be3 {[%clk 00:00:51]} {[%emt 00:00:15]} Kh7 {[%clk 00:00:51]} {[%emt
00:01:06]} 70. Kg3 {[%clk 00:00:56]} {[%emt 00:00:25]} Qb1 {[%clk 00:01:09]}
{[%emt 00:00:11]} 71. Kh2 {[%clk 00:00:47]} {[%emt 00:00:38]} Qd1 {[%clk
00:01:21]} {[%emt 00:00:18]} 72. Rf4 {[%clk 00:01:03]} {[%emt 00:00:13]} Kg6
{[%clk 00:00:47]} {[%emt 00:01:05]} 73. h4 {[%clk 00:01:17]} {[%emt 00:00:17]}
Qf1 {[%clk 00:00:51]} {[%emt 00:00:25]} 74. Rd4 {[%clk 00:01:06]} {[%emt
00:00:40]} Qe2 {[%clk 00:00:55]} {[%emt 00:00:26]} 75. h5+ {[%clk 00:01:22]}
{[%emt 00:00:14]} Kh7 {[%clk 00:00:50]} {[%emt 00:00:35]} 76. h6 {[%clk
00:01:25]} {[%emt 00:00:28]} Qb5 {[%clk 00:00:56]} {[%emt 00:00:24]} 77. Re4
{[%clk 00:00:55]} {[%emt 00:01:00]} Qd5 {[%clk 00:00:51]} {[%emt 00:00:34]} 78.
Re7+ {[%clk 00:00:48]} {[%emt 00:00:38]} Kh8 {[%clk 00:01:11]} {[%emt
00:00:08]} 79. Bf4 {[%clk 00:00:52]} {[%emt 00:00:28]} Qf3 {[%clk 00:00:37]}
{[%emt 00:01:05]} 80. Be5+ {[%clk 00:01:15]} {[%emt 00:00:07]} Kg8 {[%clk
00:01:03]} {[%emt 00:00:04]} 81. h7+ {[%clk 00:01:38]} {[%emt 00:00:06]} Kf8
{[%clk 00:01:30]} {[%emt 00:00:04]} 82. h8=Q+ {[%clk 00:02:01]} {[%emt
00:00:06]} Kxe7 {[%clk 00:01:54]} {[%emt 00:00:06]} 83. Qf6+ {[%emt 00:01:05]}
1-0

[Event "POHÁR města Říčany 2021"]
[Site "Městské kulturní středisko U labutě"]
[Date "2021.08.28"]
[Round "9.2"]
[White "Taborsky, Rostislav"]
[Black "Vojta, Jakub"]
[Result "1-0"]
[WhiteElo "2090"]
[BlackElo "2150"]
[PlyCount "0"]
[EventDate "2021.08.21"]

1. d4 d5 2. c4 dxc4 3. e3 e5 4. Bxc4 exd4 5. exd4 Nf6 6. Nf3 Bb4+ 7. Nc3 O-O
8. O-O Bg4 9. Bg5 Be7 10. Re1 Nbd7 11. h3 Bh5 12. Bb3 h6 13. Bh4 g5 14. Bg3 Nb6
15. Qd3 Kg7 16. Be5 Bg6 17. Qe3 Bd6 18. Nh2 c6 19. Rad1 Kh7 20. f4 gxf4 21. Qxf4
Nh5 22. Qe3 Be7 23. Nf3 Nd5 24. Qd2 f5 25. Nxd5 cxd5 26. Bf4 Bb4 27. Qxb4 Nxf4
28. Re7+ Rf7 29. Rde1 Qg8 30. Qd2 1-0

[Event "POHÁR města Říčany 2021"]
[Site "Městské kulturní středisko U labutě"]
[Date "2021.08.28"]
[Round "9.3"]
[White "Jun, Rudolf"]
[Black "Rut, Vojtech"]
[Result "1-0"]
[WhiteElo "2090"]
[BlackElo "2061"]
[PlyCount "0"]
[EventDate "2021.08.21"]

1. e4 Nf6 2. Nc3 e5 3. Nf3 Nc6 4. Bb5 Bb4 5. O-O O-O 6. Nd5 Bc5 7. Re1 d6
8. Nxf6+ Qxf6 9. c3 Bg4 10. Be2 d5 11. exd5 Ne7 12. h3 Bxh3 13. d4 exd4 14. Bg5
Qg6 15. Bd3 f5 16. gxh3 dxc3 17. Kh1 cxb2 18. Rb1 Qh5 19. Bxe7 Qxh3+ 20. Nh2
Bxf2 21. Re2 Bd4 22. d6 c5 23. Bc4+ Kh8 24. Bxf8 Rxf8 25. d7 f4 26. Re8 f3
27. Rxf8# 1-0

[Event "POHÁR města Říčany 2021"]
[Site "Městské kulturní středisko U labutě"]
[Date "2021.08.28"]
[Round "9.4"]
[White "Ruzicka, Filip"]
[Black "Hollan, Petr"]
[Result "0-1"]
[WhiteElo "1783"]
[BlackElo "2318"]
[PlyCount "0"]
[EventDate "2021.08.21"]

1. e4 c5 2. c4 Nc6 3. Nc3 g6 4. d3 Bg7 5. Nge2 d6 6. g3 h5 7. h4 Bg4 8. Bg2 e5
9. O-O Nge7 10. Bg5 f6 11. Be3 Qd7 12. a3 Nd4 13. f3 Bh3 14. f4 Bh6 15. Bxd4
cxd4 16. Nd5 Nxd5 17. cxd5 Bg4 18. Rc1 O-O 19. Rc2 f5 20. Qc1 Rf7 21. Bf3 Bxf3
22. Rxf3 fxe4 23. dxe4 Raf8 24. Qf1 Qg4 25. Kg2 exf4 26. Nxf4 0-1

[Event "POHÁR města Říčany 2021"]
[Site "Městské kulturní středisko U labutě"]
[Date "2021.08.28"]
[Round "9.5"]
[White "Vojta, Tomas"]
[Black "Vitak, Jiri"]
[Result "1/2-1/2"]
[WhiteElo "2312"]
[BlackElo "2221"]
[PlyCount "0"]
[EventDate "2021.08.21"]

1. d4 d5 2. Bf4 c5 3. e3 Nc6 4. c3 Nf6 5. Bd3 Qb6 6. b3 Bg4 7. Nf3 e6 8. Nbd2
Be7 9. h3 Bh5 10. O-O O-O 11. Qb1 Bg6 12. Bxg6 hxg6 13. a4 a5 14. Qd3 cxd4
15. exd4 Rfc8 16. Rfc1 Qa6 17. Qe3 b5 18. axb5 Qxb5 19. c4 dxc4 20. bxc4 Qa6
21. Ng5 Bb4 22. Ndf3 Ra7 23. Ne4 Ne7 24. Nxf6+ gxf6 25. Qb3 Rb7 26. Qa2 Qc6
27. d5 Qa6 28. Bd2 exd5 29. Bxb4 Rxb4 30. cxd5 Rxc1+ 31. Rxc1 Qb6 32. Rf1 Rb5
33. Nd2 Nxd5 34. Re1 Qc6 35. Ne4 f5 36. Ng5 Rc5 37. Qb2 Nf6 38. Qb8+ Qc8 39. Qf4
Qc7 40. Qd2 Rc2 41. Qe3 Rc3 42. Qd2 Rc2 43. Qe3 a4 44. g3 Qc5 45. Qf4 Kg7
46. Rb1 Rc4 47. Qd2 Qd5 48. Qe2 Ne4 49. Nxe4 Rxe4 50. Qb2+ Qd4 51. Qxd4+ Rxd4
52. Rb6 a3 53. Ra6 Rd3 54. Kg2 Kf8 55. Ra7 Ke8 56. h4 Rb3 57. Kh2 f4 58. gxf4
Kf8 59. Kg2 Kg7 60. Ra6 Rc3 61. Kh2 f5 62. Kg2 Kh6 63. f3 Rc2+ 64. Kg3 Ra2
65. Ra7 Ra1 66. Kg2 a2 67. Ra8 Kg7 68. Ra6 Kf7 69. Ra7+ Ke6 70. Ra5 Kd6 71. Ra8
Kd5 72. Ra4 Kc5 73. Kh2 Kb5 74. Ra8 Kb4 75. Kg2 Kb3 76. Rb8+ Kc3 77. Rc8+ Kd3
78. Rd8+ Ke3 79. Re8+ Kxf4 80. Ra8 Ke5 81. Ra4 Kf6 82. Ra7 Ke6 83. Ra8 Kf7
84. Ra7+ Kf6 85. Ra6+ Kg7 86. Ra7+ Kf6 87. Ra8 Kg7 88. Ra6 Kf7 89. Ra8 Ke6
90. Ra5 Kd6 91. Ra8 Ke5 92. Ra4 Kd5 93. Ra3 Kd4 94. Ra8 Ke3 95. Re8+ Kf4 96. Ra8
Ke3 1/2-1/2

[Event "POHÁR města Říčany 2021"]
[Site "Městské kulturní středisko U labutě"]
[Date "2021.08.28"]
[Round "9.6"]
[White "Horak, Jan"]
[Black "Hajiyev, Kanan"]
[Result "1/2-1/2"]
[WhiteElo "2143"]
[BlackElo "2124"]
[PlyCount "0"]
[EventDate "2021.08.21"]

1. e4 c6 2. d4 d5 3. Nc3 dxe4 4. Nxe4 Nd7 5. c3 Ngf6 6. Bd3 Nxe4 7. Bxe4 Nf6
8. Bf3 Bf5 9. Ne2 e6 10. O-O Bd6 11. Bf4 O-O 12. Qb3 Bxf4 13. Nxf4 Qc7 14. Ne2
Rae8 15. Rfe1 Rd8 16. Ng3 Bg6 17. Be4 c5 18. Bxg6 hxg6 19. dxc5 Qxc5 20. Rad1 b5
21. Ne4 Qc4 22. Nxf6+ gxf6 23. Qxc4 bxc4 24. Kf1 Rxd1 25. Rxd1 1/2-1/2

[Event "POHÁR města Říčany 2021"]
[Site "Městské kulturní středisko U labutě"]
[Date "2021.08.28"]
[Round "9.7"]
[White "Chval, Zdenek"]
[Black "Skypala, Ondrej"]
[Result "0-1"]
[WhiteElo "1846"]
[BlackElo "2158"]
[PlyCount "0"]
[EventDate "2021.08.21"]

1. e4 e6 2. d4 d5 3. exd5 exd5 4. Bd3 Bd6 5. Nf3 Bg4 6. O-O Ne7 7. Re1 Nc6
8. c3 Qd7 9. Nbd2 O-O-O 10. b4 f6 11. a4 a5 12. bxa5 Nxa5 13. Ba3 Nec6 14. Qc2
g6 15. h3 Bxa3 16. Rxa3 Bxf3 17. Nxf3 Rhe8 18. Raa1 Nc4 19. Bxc4 dxc4 20. Rxe8
Rxe8 21. a5 Qd5 22. Qa4 Kd7 23. Nd2 Ra8 24. Qxc4 Qxc4 25. Nxc4 b5 26. Ne3 Rxa5
27. Rxa5 Nxa5 28. Kf1 Ke6 29. Ke2 f5 30. Kd3 c6 31. g3 Nb7 32. Ng2 Nd6 33. f3 g5
34. Ne3 h5 35. Ng2 Ne8 36. h4 Kf6 37. hxg5+ Kxg5 38. Nf4 Nc7 39. Nh3+ Kh6
40. Nf4 Nd5 41. Ne6 f4 42. gxf4 h4 43. Ke2 Nxc3+ 44. Kf2 b4 45. Nc5 Nd5 0-1

[Event "POHÁR města Říčany 2021"]
[Site "Městské kulturní středisko U labutě"]
[Date "2021.08.28"]
[Round "9.8"]
[White "Placer, Sebastian"]
[Black "Bezdek, Tomas"]
[Result "1-0"]
[WhiteElo "2129"]
[BlackElo "1644"]
[PlyCount "0"]
[EventDate "2021.08.21"]

1. d4 d5 2. c4 e5 3. dxe5 d4 4. Nf3 Nc6 5. a3 Nge7 6. b4 Ng6 7. Bb2 a5 8. Nxd4
Nxd4 9. Qxd4 Qxd4 10. Bxd4 axb4 11. c5 Bf5 12. Nd2 bxa3 13. e3 Kd7 14. Bb5+ c6
15. Bc4 Be6 16. O-O Ra4 17. Rfc1 Be7 18. Bxe6+ Kxe6 19. Nc4 b5 20. Nb6 Ra6
21. f4 Bd8 22. g4 Bxb6 23. cxb6 Kd5 24. Rc5+ Ke4 25. Rxc6 Nxf4 26. Rc2 b4
27. Rc4 Nd3 28. b7 1-0

[Event "POHÁR města Říčany 2021"]
[Site "Městské kulturní středisko U labutě"]
[Date "2021.08.28"]
[Round "9.9"]
[White "Ocelak, Jakub"]
[Black "Elias, Jakub"]
[Result "1/2-1/2"]
[WhiteElo "2102"]
[BlackElo "1982"]
[PlyCount "0"]
[EventDate "2021.08.21"]

1. e4 c5 2. Nf3 e6 3. c4 Nc6 4. d4 cxd4 5. Nxd4 Nf6 6. Nc3 Bb4 7. Nxc6 bxc6
8. Bd3 e5 9. O-O Bc5 10. Qe2 d6 11. h3 h6 12. Na4 Bd4 13. Be3 Bxe3 14. Qxe3 Qe7
15. c5 d5 16. b4 Rb8 17. a3 O-O 18. Rfe1 Re8 19. Rad1 Qc7 20. Qf3 Be6 21. Rb1
Qc8 22. exd5 Bxd5 23. Qe3 Nh5 24. Nc3 1/2-1/2

[Event "POHÁR města Říčany 2021"]
[Site "Městské kulturní středisko U labutě"]
[Date "2021.08.28"]
[Round "9.10"]
[White "Hrdina, Robin"]
[Black "Skala, Jaromir"]
[Result "1-0"]
[WhiteElo "2192"]
[BlackElo "1887"]
[PlyCount "0"]
[EventDate "2021.08.21"]

1. e4 e5 2. Nf3 Nc6 3. Bb5 a6 4. Ba4 Nf6 5. d3 d6 6. c3 Be7 7. Nbd2 O-O 8. Nf1
b5 9. Bc2 d5 10. Qe2 d4 11. Ng3 a5 12. O-O a4 13. h3 b4 14. cxb4 Bxb4 15. a3 Be7
16. Qd1 Qd6 17. Bxa4 Bd7 18. Qc2 Nb8 19. Bxd7 Nbxd7 20. Nf5 Qc5 21. Nxe7+ Qxe7
22. Bg5 c5 23. Nd2 h6 24. Bxf6 Nxf6 25. Nc4 Nh5 26. g3 Ra6 27. Qe2 Qg5 28. Qg4
Re8 29. Qxg5 hxg5 30. b4 cxb4 31. axb4 Rae6 32. b5 g6 33. Kg2 f5 34. f3 Nf6
35. Ra7 R6e7 36. Rfa1 Nd7 37. Rc7 Nb8 38. b6 Kf8 39. Nd6 Rd8 40. Raa7 Red7
41. Nc4 fxe4 42. fxe4 1-0

[Event "POHÁR města Říčany 2021"]
[Site "Městské kulturní středisko U labutě"]
[Date "2021.08.28"]
[Round "9.11"]
[White "Hejsek, Lukas"]
[Black "Chval, Zdenek"]
[Result "1/2-1/2"]
[WhiteElo "1906"]
[BlackElo "2147"]
[PlyCount "0"]
[EventDate "2021.08.21"]

1. d4 Nf6 2. Nf3 g6 3. g3 Bg7 4. c4 O-O 5. Bg2 d6 6. O-O Nbd7 7. Nc3 e5 8. h3
Re8 9. e4 exd4 10. Nxd4 Nc5 11. Re1 a5 12. b3 Bd7 13. f3 c6 14. Be3 Qc7 15. Qd2
Rad8 16. Rad1 Bc8 17. Nde2 Ne6 18. Na4 Nc5 19. Nxc5 dxc5 20. Qc2 b6 21. Rxd8
Rxd8 22. Rd1 Re8 23. Bf4 Qb7 24. Bd6 Nd7 25. f4 Nf8 26. Kh2 Ne6 27. e5 f6
28. Qd3 Bd7 29. Qf3 Rc8 30. Rd2 Be8 31. Qf1 Qa7 32. a4 Qf7 33. Qb1 h5 34. h4 Bh6
35. Bh3 1/2-1/2

[Event "POHÁR města Říčany 2021"]
[Site "Městské kulturní středisko U labutě"]
[Date "2021.08.28"]
[Round "9.12"]
[White "Bartos, Vaclav"]
[Black "Zvolensky, David"]
[Result "0-1"]
[WhiteElo "1879"]
[BlackElo "2136"]
[PlyCount "0"]
[EventDate "2021.08.21"]

1. d4 Nf6 2. c4 e6 3. Nc3 Bb4 4. f3 c5 5. a3 Bxc3+ 6. bxc3 Nc6 7. e3 b6 8. e4
e5 9. d5 Na5 10. Bd3 Ba6 11. Qe2 d6 12. f4 Nb3 13. Rb1 Nxc1 14. Rxc1 Qe7 15. f5
g6 16. fxg6 hxg6 17. Nf3 Nh5 18. Qc2 Bc8 19. Be2 Ng3 20. Rg1 Nh5 21. g3 g5
22. Qd1 g4 23. Nh4 Qg5 24. Rf1 Nf4 25. Qd2 Rxh4 26. gxh4 Qxh4+ 27. Kd1 Qxh2
28. Rc2 Bd7 29. Kc1 Ke7 30. Qd1 Ba4 31. Bxg4 Bxc2 32. Qxc2 Qxc2+ 33. Kxc2 Rh8
34. Rf2 Rh1 35. Bf5 Ra1 36. Kb3 Rb1+ 37. Ka2 Rg1 38. Kb3 Rg2 39. Rxg2 Nxg2
40. Ka4 Ne3 41. Bh3 Nxc4 42. Bf1 Nd2 43. Be2 Nxe4 0-1

[Event "POHÁR města Říčany 2021"]
[Site "Městské kulturní středisko U labutě"]
[Date "2021.08.28"]
[Round "9.13"]
[White "Cermak, Jan"]
[Black "Le, Anh Dung"]
[Result "1/2-1/2"]
[WhiteElo "1938"]
[BlackElo "1779"]
[PlyCount "0"]
[EventDate "2021.08.21"]

1. e4 c5 2. Nf3 e6 3. c3 Nf6 4. e5 Nd5 5. d4 cxd4 6. cxd4 d6 7. Nc3 Nxc3
8. bxc3 Qc7 9. Bd2 Nd7 10. exd6 Bxd6 11. Bd3 b6 12. O-O Bb7 13. h3 O-O 14. Qe2
Bf4 15. Bxf4 Qxf4 16. Qe3 Qxe3 17. fxe3 Rac8 18. Rac1 Nf6 19. c4 Rc7 20. Rc2
1/2-1/2

[Event "POHÁR města Říčany 2021"]
[Site "Městské kulturní středisko U labutě"]
[Date "2021.08.28"]
[Round "9.14"]
[White "Novotny, David"]
[Black "Rousek, Jan"]
[Result "1-0"]
[WhiteElo "1923"]
[BlackElo "1745"]
[PlyCount "0"]
[EventDate "2021.08.21"]

1. d4 c5 2. d5 e5 3. c4 d6 4. e4 Be7 5. Nf3 Nf6 6. Nc3 O-O 7. h3 h5 8. Be2 Ne8
9. Be3 f5 10. exf5 Bxf5 11. Bd3 g6 12. Qc2 Ng7 13. O-O-O Nd7 14. Ne4 Nf6
15. Neg5 Nh7 16. Bxf5 gxf5 17. Nxh7 Kxh7 18. g4 Kh8 19. gxf5 Nxf5 20. Rdg1 Qe8
21. Ng5 Bxg5 22. Rxg5 Nxe3 23. fxe3 Rg8 24. Rhg1 Qf7 25. Qe2 Rxg5 26. Rxg5 Rf8
27. Rxh5+ Kg8 28. Qg4+ 1-0

[Event "POHÁR města Říčany 2021"]
[Site "Městské kulturní středisko U labutě"]
[Date "2021.08.28"]
[Round "9.15"]
[White "Aubrecht, Petr"]
[Black "Koper, Stefan"]
[Result "0-1"]
[WhiteElo "2016"]
[BlackElo "1827"]
[PlyCount "0"]
[EventDate "2021.08.21"]

1. b3 Nf6 2. Bb2 d5 3. e3 g6 4. f4 Bg7 5. Nf3 Bg4 6. Be2 Bxf3 7. Bxf3 O-O
8. O-O c5 9. c4 Nc6 10. cxd5 Nxd5 11. Bxg7 Kxg7 12. Nc3 e6 13. Rc1 b6 14. Nxd5
exd5 15. d4 Rc8 16. dxc5 Qe7 17. Re1 bxc5 18. Bxd5 Rfd8 19. e4 Nb4 20. Qd2 f6
21. a3 Nxd5 22. exd5 Qd6 23. Red1 Rd7 24. Rc4 Rb8 25. Qe3 Rbb7 26. Qxc5 Qxc5+
27. Rxc5 Rxb3 28. d6 Rbb7 29. a4 Kf7 30. Rc8 h5 31. a5 Ke6 32. Re8+ Kf5 33. g3
h4 34. a6 Rb6 35. Rd4 Kg4 36. Kf1 Rdxd6 37. Rxd6 Rxd6 38. gxh4 Rxa6 39. Re4 Kf3
40. Re1 Kxf4 41. Kg2 Ra2+ 0-1

[Event "POHÁR města Říčany 2021"]
[Site "Městské kulturní středisko U labutě"]
[Date "2021.08.28"]
[Round "9.16"]
[White "Blumel, Otto"]
[Black "Feierfeil, Jiri"]
[Result "1/2-1/2"]
[WhiteElo "1965"]
[BlackElo "1623"]
[PlyCount "0"]
[EventDate "2021.08.21"]

1. d4 d5 2. e4 dxe4 3. Nc3 Nf6 4. f3 Bf5 5. fxe4 Nxe4 6. Qf3 Nd6 7. Bf4 Qc8
8. Bxd6 cxd6 9. Bb5+ Bd7 10. Bd3 Nc6 11. Nge2 g6 12. O-O f5 13. Nd5 Bg7 14. c3
e6 15. Ne3 O-O 16. Qg3 e5 17. Nc4 Qc7 18. dxe5 dxe5 19. Rad1 b5 20. Nd2 Ne7
21. Nf3 Rad8 22. Bc2 h6 23. Bb3+ Kh7 24. Kh1 f4 25. Qf2 Nf5 26. Rc1 Ne3 27. Rfd1
g5 28. Ng3 Ng4 29. Qc2+ Kh8 30. Nh5 Bf5 31. Qe2 Qb6 32. Nxg7 Kxg7 33. h3 Nf6
34. Kh2 Nd7 35. Rc2 {ne�iteln�} 1/2-1/2

[Event "POHÁR města Říčany 2021"]
[Site "Městské kulturní středisko U labutě"]
[Date "2021.08.28"]
[Round "9.17"]
[White "Papousek, Michal"]
[Black "Steiner, Juraj"]
[Result "1/2-1/2"]
[WhiteElo "1689"]
[BlackElo "1959"]
[PlyCount "0"]
[EventDate "2021.08.21"]

1. d4 d5 2. c4 e6 3. Nc3 c5 4. cxd5 exd5 5. Nf3 Nc6 6. Bg5 f6 7. Bf4 g5 8. Bg3
g4 9. Nd2 cxd4 10. Nb5 Ne5 11. Qa4 Bd7 12. Qxd4 Bxb5 13. Bxe5 Rc8 14. Bg3 h5
15. Bh4 Qc7 16. Nb3 Qe5 17. e3 Bxf1 18. Kxf1 Rh7 19. Rd1 Rd7 1/2-1/2

[Event "POHÁR města Říčany 2021"]
[Site "Městské kulturní středisko U labutě"]
[Date "2021.08.28"]
[Round "9.18"]
[White "Bruna, Matous"]
[Black "Vavrinec, Tomas"]
[Result "0-1"]
[WhiteElo "1623"]
[BlackElo "1875"]
[PlyCount "0"]
[EventDate "2021.08.21"]

1. e4 e6 2. d4 d5 3. Nc3 dxe4 4. Nxe4 Nd7 5. Nf3 Be7 6. Bd3 Ngf6 7. Nxf6+ Nxf6
8. O-O O-O 9. Qe2 b6 10. Bf4 Bb7 11. Rad1 Qd5 12. Bc4 Qh5 13. Ne5 Qxe2 14. Bxe2
Rfd8 15. c3 c5 16. dxc5 Bxc5 17. Bf3 Bxf3 18. Nxf3 Ne4 19. Bg3 Kf8 20. Rfe1 Nxg3
21. hxg3 Ke8 22. Kf1 b5 23. Ke2 f6 24. Nd2 Ke7 25. b4 Bb6 26. c4 bxc4 27. Nxc4
Bd4 28. Rc1 Rac8 29. Rc2 Rd7 30. Rec1 Rdc7 31. Kd3 e5 32. a4 Ke6 33. g4 a6
34. Ne3 Rxc2 35. Rxc2 Rxc2 36. Kxc2 g6 37. Kd3 Ba7 38. Kc4 Kd6 39. b5 a5 40. Nd5
f5 41. gxf5 gxf5 42. Ne3 f4 43. Nd1 e4 44. g3 e3 45. fxe3 fxg3 46. Nc3 g2
47. Ne2 Bxe3 0-1